000 00268nam a2200133Ia 4500
100 _aLang J
942 _cBK
654 _aElectric field
245 _aMagnetic field
260 _bWiley eastern
_aNew Delhi
_c1989
300 _a67
546 _aENGLISH
999 _c31981
_d31981